| 000 | 02522cam a2200637 a 4500 | ||
|---|---|---|---|
| 001 | 20734 | ||
| 003 | VRT | ||
| 005 | 20260130153938.0 | ||
| 008 | 240315s1977 xo e 0000f slo | ||
| 015 | _aSNBA1978 | ||
| 020 | _q(viaz.) | ||
| 035 | _aSNK000053921 | ||
| 039 | 9 |
_a202512141718 _bAUTHORITY _c202505261043 _dmsvkbb08 _c202408270900 _dcsnk01 _c202408141354 _dAUTHORITY |
|
| 040 |
_aSNK _bslo _cSNK _eAACR2 |
||
| 041 | 1 |
_aslo _heng |
|
| 044 |
_axo _cSK |
||
| 072 | 7 |
_a821.111-3 _xAnglická próza, anglicky písaná _2konspekt |
|
| 080 |
_a821.111-31 _22011 |
||
| 080 |
_a(0:82-311.9) _22011 |
||
| 100 | 1 |
_aCreasey, John, _d1908-1973 |
|
| 245 | 1 | 0 |
_aPotopa ; Sucho ; Hlad _cJohn Creasey ; preložili Irena Lifková, Jozef Šimo, Augustín Jurák |
| 250 | _a1. vyd. | ||
| 260 |
_aBratislava _bSlovenský spisovateľ _c1977 _eBratislava _fSvornosť |
||
| 300 |
_a576 s. _c21 cm |
||
| 366 | _e80000 výtl. | ||
| 490 | 1 | _aZelená knižnica | |
| 500 | _aPreložené z angličtiny | ||
| 655 | 7 |
_aanglické romány _2SNKPH |
|
| 655 | 7 |
_avedecko-fantastické romány _2SNKPH |
|
| 655 | 7 |
_aEnglish fiction _2SNKPHeng |
|
| 655 | 7 |
_aScience fiction novels _2SNKPHeng |
|
| 700 | 1 |
_aLifková, Irena, _d1935-2011 _4trl |
|
| 700 | 1 |
_aŠimo, Jozef, _d1909-1984 _4trl |
|
| 700 | 1 |
_aJurák, Augustín _4trl |
|
| 700 | 1 |
_aLongauer, Ľubomír, _d1948-2025 _4bkd |
|
| 700 | 1 | 2 |
_aCreasey, John, _d1908-1973 _tThe Flood _lSlovensky |
| 700 | 1 | 2 |
_aCreasey, John, _d1908-1973 _tThe Drought _lSlovensky |
| 700 | 1 | 2 |
_aCreasey, John, _d1908-1973 _tThe Famine _lSlovensky |
| 740 | 0 | 2 | _aSucho |
| 740 | 0 | 2 | _aHlad |
| 830 | 0 | _aZelená knižnica | |
| 942 |
_2ddc _cKLDO _n0 |
||
| 949 |
_617A1004049 _asnkSC 43045 |
||
| 949 |
_6270001000606004 _asvkbbA 13718-b _bsvkbbm 815395 _pKnižný dar – pozostalosť po Ing. Michalovi Sasinekovi, spoluzakladateľovi Klubu priateľov vedy, prognostiky a vedeckej fantastiky v Banskej Bystrici |
||
| 949 |
_6270001000507336 _asvkbbA 13718 _bsvkbbm 336579 |
||
| 949 |
_6273K0274598 _asvkpoA 109721 _bsvkpo252953 |
||
| 949 |
_64710700496 _astrmkB _bstrmk2008/496 |
||
| 949 |
_64710700456 _astrmkB _bstrmk2008/456 |
||
| 949 |
_64710700624 _astrmkB _bstrmk2008/624 |
||
| 949 |
_617A0079151 _9P60, <04>, [BOOK], {604} _asnkSC 43045 D1 |
||
| 949 |
_6270001000077867 _asvkbbA 13718 _bsvkbbm 362904 _p362.904 |
||
| 949 |
_6273K0211071 _asvkpoA 165011 _bsvkpo409036 |
||
| 949 |
_63869A09601 _abpksh820-31 _bbpksh44548 |
||
| 999 |
_c20734 _d20734 |
||